00522nam a2200181Ia 450000500170000000800410001704000190005804100120007708200170008910000200010624500590012626000430018530000120022850400400024065000210028070000290030185000100033020230113135123.0131103s9999 xx 000 0 und d aLoreto College aEnglish a818bSTE-HAR aStein, Gertrude aGertrude Stein's AmericacEdited by Gilbert A.Harrison aWashington,D.C.bRobert B.Lucecc 1965 a103 p.  aIncludes bibliographical references aAmerican Fiction aHarrison, Gilbert A.,ed. aLCLIB